| 000 | 01301cam a22003495a 4500 | ||
|---|---|---|---|
| 001 | ssj0001204803 | ||
| 003 | OSt | ||
| 005 | 20201128024223.0 | ||
| 008 | 140418t2014 gw a frb 101 0 eng d | ||
| 020 | _a9783319070636 | ||
| 040 |
_dWaSeSS _dEG-ScBUE _beng |
||
| 082 | 0 | 4 |
_a006.3 _222 _bART |
| 245 | 0 | 0 |
_aArtificial intelligence : _bmethods and applications : 8th Hellenic Conference on AI, SETN 2014, Ioannina, Greece, May 15-17, 2014 : proceedings / _cedited by Aristidis Likas, Konstantinos Blekas, Dimitris Kalles. _h |
| 260 |
_aCham : _bSpringer, _cc.2014. |
||
| 300 |
_axv, 642 p. : _bill. ; _c24 cm. |
||
| 490 | 0 |
_aLecture Notes in Computer Science, _x0302-9743 ; _v8445 |
|
| 504 | _aIncludes bibliographical references and index. | ||
| 650 | 7 |
_aComputer science. _2BUEsh _93608 |
|
| 650 | 7 |
_aComputer software. _2BUEsh |
|
| 650 | 7 |
_aArtificial intelligence. _2BUEsh _9529 |
|
| 650 | 0 |
_aComputer vision. _2BUEsh |
|
| 650 | 7 |
_aOptical pattern recognition. _2BUEsh |
|
| 651 | _2BUEsh | ||
| 653 |
_bCOMSCI _cJanuary2018 |
||
| 700 | 1 |
_aBlekas, Konstantinos, _eeditor. |
|
| 700 | 1 |
_aKalles, Dimitris, _eeditor. |
|
| 700 | 1 |
_aLikas, Aristidis, _eeditor. |
|
| 710 | 2 | _aSpringerLink (Online service) | |
| 773 | 0 | _tSpringer eBooks | |
| 776 | 0 | 8 |
_iPrinted edition: _z9783319070636 |
| 942 | _2ddc | ||
| 999 |
_c25862 _d25834 |
||